1983-1984 : (Record no. 27056)

MARC details
000 -LEADER
campo de control de longitud fija 00514nam a2200181 i 4500
001 - NÚMERO DE CONTROL
campo de control 27056
003 - IDENTIFICADOR DE NÚMERO DE CONTROL
campo de control ES-MaACL
005 - FECHA Y HORA DE LA ÚLTIMA TRANSACCIÓN
campo de control 20230906153542.0
007 - CAMPO FIJO DE DESCRIPCIÓN FÍSICA--INFORMACIÓN GENERAL
campo de control de longitud fija t|
008 - DATOS DE LONGITUD FIJA--INFORMACIÓN GENERAL
campo de control de longitud fija 030113s1984 sp ||||1| spa d
110 1# - ENTRADA PRINCIPAL--NOMBRE DE ENTIDAD CORPORATIVA
Nombre de entidad corporativa o nombre de jurisdicción como elemento de entrada Madrid.
Unidad subordinada Ayuntamiento
9 (RLIN) 234069
245 10 - MENCIÓN DEL TÍTULO
Título 1983-1984 :
Resto del título un año de gestión /
Mención de responsabilidad, etc. Ayuntamiento de Madrid.
260 ## - PUBLICACIÓN, DISTRIBUCIÓN, ETC.
Lugar de publicación, distribución, etc. Madrid :
Nombre del editor, distribuidor, etc. [s.n.,
Fecha de publicación, distribución, etc. 1984]
300 ## - DESCRIPCIÓN FÍSICA
Extensión 176 p. ;
Dimensiones 30 cm.
650 #4 - PUNTO DE ACCESO ADICIONAL DE MATERIA--TÉRMINO DE MATERIA
Término de materia o nombre geográfico como elemento de entrada Administración municipal-
Subdivisión geográfica Madrid.
9 (RLIN) 153436
852 ## - LOCALIZACIÓN
Ubicación ES-MaACL
Número de control de estantería L-7223
Holdings
Estatus retirado Estado de pérdida Estado de daño No para préstamo Biblioteca de origen Biblioteca actual Ubicación en estantería Fecha de adquisición Fuente de adquisición Total de préstamos Signatura topográfica completa Código de barras Visto por última vez Precio de reemplazo Tipo de ítem Koha
        Biblioteca del Ateneo de Madrid Biblioteca del Ateneo de Madrid Depósito 2 17/01/2008     L-7223 1027926 23/02/2023 23/02/2023 Libro impreso